Avatar: The Last Airbender A-Z - Statistics

General Stats
  • This quiz has been taken 2,568 times
  • The average score is 13 of 26
Answer Stats
Clue Answer % Correct
A Titular character of the show Aang
98%
B "I'm always right back at ya, like my ... _________!" Boomerang
85%
D Secret police of Ba Sing Se Dai Li
80%
O City named after the first human earthbenders Omashu
75%
Z Admiral who hunts the Avatar during book 1 Zhao
73%
V "Leaves from the ____" Vine
72%
G Aang's airbending teacher Gyatso
71%
Y Northern Water Tribe princess and Moon Spirit Yue
71%
E Location of a critically acclaimed Fire Nation theater company Ember Island
67%
K Face stealing centipede-like spirit Koh
67%
H Inventor of bloodbending Hama
66%
P Popular board game played by Iroh Pai Sho
66%
W "It's not magic, it's ____________!" Waterbending
61%
L Wan Shi Tong's domain The Library
54%
U Giant eel that lives near Kyoshi Island Unagi
53%
J Tea shop run by Iroh in Ba Sing Se The Jasmine Dragon
52%
N What they don't call Ba Sing Se Na Sing Se
30%
X Dock and Bushi's "brother" Xu
24%
M Pet cat of the herbalist Miyuki
18%
S June's pet, Nyla, is one of these Shirshu
17%
I Hybrid animal used by pirates Iguana-Parrot
14%
F Band that played at the secret dance party The Flamey-Os
14%
C Nomad who traveled with the Avatar through a secret tunnel Chong
13%
T Instrument that sounds like a duduk Tsungi Horn
11%
R Friends with some of the most important teenagers in the Fire Nation Ruon-Jian
6%
Q Reported to the bomb bay for a very special birthday Qin Lee
4%
No matching quizzes found
Score Distribution
Percent of People with Each Score
Percentile by Number Answered
Your Score History
You have not taken this quiz